Poorest Countries in the World - Statistics

General Stats
  • This quiz has been taken 49 times
  • The average score is 18 of 24
Answer Stats
Rank GDP nominal per capita Country % Correct
7 539 Somalia
95%
14 743 Chad
89%
9 561 Niger
89%
22 961 Togo
89%
12 660 DR Congo
84%
1 293 Burundi
81%
18 858 Mali
81%
11 647 Eritrea
78%
24 1,098 Ethiopia
78%
20 913 Rwanda
78%
4 496 Central African Republic
76%
16 846 Gambia
76%
6 523 Malawi
76%
3 494 Sierra Leone
76%
2 328 South Sudan
76%
21 916 Sudan
76%
15 825 Burkina Faso
73%
17 857 Guinea-Bissau
73%
13 735 Liberia
73%
8 542 Mozambique
73%
10 611 Afghanistan
68%
5 522 Madagascar
68%
19 874 Yemen
54%
23 1,015 Tajikistan
11%
No matching quizzes found
Score Distribution
Percent of People with Each Score
Percentile by Number Answered
Your Score History
You have not taken this quiz